| 000 | 00610nam a2200253 a 4500 | ||
|---|---|---|---|
| 003 | AR-BaBNM | ||
| 005 | 20251128203831.0 | ||
| 008 | 082120s2002 ||||||||||||||000 | spa|| | ||
| 040 | _cAR-BaBNM | ||
| 100 | 1 | _aMosset Iturraspe, Jorge | |
| 245 | 0 | 0 | _aContratos |
| 260 |
_aBuenos Aires _bEdiar _c1978 |
||
| 300 | _a494 p. | ||
| 500 | _aIndices al final de la obra | ||
| 650 | 4 | _aDERECHO CIVIL | |
| 650 | 4 | _aCONTRATOS | |
| 650 | 4 | _aCODIGOS | |
| 650 | 4 | _aRESPONSABILIDAD CIVIL | |
| 650 | 4 | _aOBLIGACIONES | |
| 650 | 4 | _aLEGISLACION ARGENTINA | |
| 653 | _aPATRIMONIO | ||
| 942 | _cBK | ||
| 998 | _cAndrea | ||
| 999 |
_c5095 _d5095 |
||